Salt Lake City - Choix multiples - Statistiques

Statistiques générales
  • Ce quiz a été pris 15 fois
  • Le résultat moyen est 5 sur 10
Statistiques - réponses
Question Réponse % Correct
Quelle congrégation religieuse a fondé Salt Lake City en 1847 ? Les Mormons
100%
En quelle année Salt Lake City a-t-elle accueilli les JO d'hiver pour la première fois ? 2002
50%
Que ne trouve-t-on pas dans le Lac Salé qui donne son nom à la ville ? Des poissons
50%
Quel est le surnom de Salt Lake City ? La ville des saints
50%
Quel basketteur français a joué de 2013 à 2022 pour les Utah Jazz, l’équipe de basket de la ville ? Rudy Gobert
50%
Quel pourcentage d’habitants de l’Utah vivent dans l’agglomération de Salt Lake City ? 85%
42%
Quel film a été tourné dans un lycée de Salt Lake City ? High School Musical
42%
Laquelle de ces lois saugrenues est effectivement en vigueur à Salt Lake City ? Il est interdit de marcher dans la rue avec un violon dans un sac en papier
33%
Quelle capitale européenne se trouve à la même latitude que Salt Lake City ? Madrid
33%
Quel célèbre écrivain évoque la création de Salt Lake City dans son premier roman ? Arthur Conan Doyle
25%
Aucun quiz correspondant
Distribution des résultats
% des personnes avec chaque résultat
Percentile par nombre de réponses
Votre historique - résultats
Vous n’avez pas pris ce quiz